• 首页
  • 本馆介绍
  • 公告通知
  • 最新文献
  • 馆藏检索
  • 电子资源
  • 读者导购
  • 参考咨询
  • 我的图书馆
  • 登录
  • 详细信息显示
  • 放入我的书架
  • 预约/预借图书
  • 作者相关作品
  • 分类相关作品
  • 丛书相关作品
  • 出版社相关作品

书目信息

  • 表格格式
  • 工作单格式
  • 卡片格式
题名:
玩在唐朝
    
 
作者: 于左 著
分册:  
出版信息: 北京   中华书局  2008
页数: 246页
开本: 23cm
丛书名:
单 册:
中图分类: G249.29
科图分类:
主题词: 社会生活--中国--唐代--史料 , 社会生活 , 群众文化--文化事业
电子资源:
ISBN: 978-7-101-05966-3
000 00750nam0 2200241 450
001 1161663057
005 20111005170928.95
010    @a978-7-101-05966-3@dCNY26.00
100    @a20080102d2008 em y0chiy50 ea
101 0  @achi
102    @aCN@b110000
105    @aa z 000yy
200 1  @a玩在唐朝@Awan zai tang chao@f于左著
210    @a北京@c中华书局@d2008
215    @a246页@c图@d23cm
330    @a本书对唐朝的休闲文化作了详细介绍,内容包括运木赌马戏双陆、神传鬼助正围棋、少年轻球戏争筹、寒食罗绮秋千架、琵琶羯彭伴箜篌等。
606 0  @a社会生活@y中国@z唐代@j史料
606 0  @a社会生活
606 0  @a群众文化@x文化事业
690    @aG249.29@v4
701  0 @a于左@Ayu zuo@4著
801  0 @aCN@bNLC@c20101222
905    @a10447@dG249.29@eJY136
    
    玩在唐朝/于左著.-北京:中华书局,2008
    246页:图;23cm
    
    
    ISBN 978-7-101-05966-3:CNY26.00
    本书对唐朝的休闲文化作了详细介绍,内容包括运木赌马戏双陆、神传鬼助正围棋、少年轻球戏争筹、寒食罗绮秋千架、琵琶羯彭伴箜篌等。
●
相关链接 在E读中查询图书 在五车中查询图书 在当当中查询图书 在豆瓣中查询图书


正题名:玩在唐朝     索取号:G249.29/JY136         预约/预借

序号 登录号 条形码 馆藏地/架位号 状态 备注
1 7814818   278148185   学院路分馆/ [索取号:G249.29/JY136] 在馆    
2 7814819   278148194   学院路分馆/ [索取号:G249.29/JY136] 在馆    
唐山师范学院图书馆 欢迎您!
大连网信软件有限公司© 版权所有